<?xml version="1.0" encoding="UTF-8"?>
<record
    xmlns:xsi="http://www.w3.org/2001/XMLSchema-instance"
    xsi:schemaLocation="http://www.loc.gov/MARC21/slim http://www.loc.gov/standards/marcxml/schema/MARC21slim.xsd"
    xmlns="http://www.loc.gov/MARC21/slim">

  <leader>03011cam a22002895a 4500</leader>
  <datafield tag="999" ind1=" " ind2=" ">
    <subfield code="c">26872</subfield>
    <subfield code="d">26844</subfield>
  </datafield>
  <controlfield tag="005">20181016111052.0</controlfield>
  <controlfield tag="008">111121t2012    enka   fr     001 0 eng d</controlfield>
  <datafield tag="020" ind1=" " ind2=" ">
    <subfield code="a">9781849042093</subfield>
  </datafield>
  <datafield tag="040" ind1=" " ind2=" ">
    <subfield code="a">StDuBDS</subfield>
    <subfield code="b">eng</subfield>
    <subfield code="c">StDuBDS</subfield>
    <subfield code="d">Uk</subfield>
    <subfield code="d">EG-ScBUE</subfield>
  </datafield>
  <datafield tag="043" ind1=" " ind2=" ">
    <subfield code="a">ar----- </subfield>
  </datafield>
  <datafield tag="082" ind1="0" ind2="4">
    <subfield code="a">330.9536</subfield>
    <subfield code="b">POL</subfield>
    <subfield code="2">22</subfield>
  </datafield>
  <datafield tag="245" ind1="0" ind2="4">
    <subfield code="a">The political economy of the Persian Gulf /</subfield>
    <subfield code="c">edited by Mehran Kamrava.</subfield>
  </datafield>
  <datafield tag="260" ind1=" " ind2=" ">
    <subfield code="a">London :</subfield>
    <subfield code="b">Hurst &amp; Company,</subfield>
    <subfield code="c">c.2012.</subfield>
  </datafield>
  <datafield tag="300" ind1=" " ind2=" ">
    <subfield code="a">xi, 284 p. :</subfield>
    <subfield code="b">ill. ;</subfield>
    <subfield code="c">24 cm.</subfield>
  </datafield>
  <datafield tag="500" ind1=" " ind2=" ">
    <subfield code="a">"Published in Collaboration with Center for International and Regional Studies School of Foreign Service in Qatar, Georgetown University."
</subfield>
  </datafield>
  <datafield tag="504" ind1=" " ind2=" ">
    <subfield code="a">Includes bibliographical references and index.</subfield>
  </datafield>
  <datafield tag="505" ind1="0" ind2=" ">
    <subfield code="a">About the contributors -- Introduction / Mehran Kamrava --
Trends in the political economy of the Persian Gulf -- The Persian Gulf in the contemporary international economy / Fred H. Lawson -- The political economy of rentierism in the persian gulf / Mehran Kamrava -- Sovereign wealth funds of the Persian Gulf / Jean-Fran&#xE7;ois Seznec -- Knowledge based economies in the GCC / Kristian Coates Ulrichsen -- People, money, and banking in the Persian Gulf -- Separatism versus market driven Islamic banking : the experiences of Iran and the Arabian Peninsula compared / Rodney Wilson -- Population and human capital in the Persian Gulf / Djavad Salehi-Isfahani -- The Gulf cooperation council monetary union / Alexis Antoniades.</subfield>
  </datafield>
  <datafield tag="520" ind1=" " ind2=" ">
    <subfield code="a">Some Persian Gulf states have capitalized on the quick pace of globalized fiscal transactions, transforming themselves into important markets for foreign investment. Others have fallen victim to such risky speculation. This has led the Gulf Cooperation Council (GCC) to reevaluate the integrity of the "Dubai Model" of economic diversification, as they search for an ideal method to organize their economies and compete within the global order. While exploring the greater dimensions that globalizing forces have brought to the political economies of Persian Gulf states, this book also considers recent changes instituted during and following the global economic crisis of 2008. While mutually beneficial rentier arrangements have guided the GCC countries' formation of oil-based economies and labor relations in the past, will this necessarily be true in the future? In addition to addressing this key concern, this volume confronts future demographic changes within GCC countries; the feasibility of establishing a GCC monetary union; the effects of rentierism on state autonomy; and the successes and failures of sovereign wealth funds and Islamic banking models.</subfield>
  </datafield>
  <datafield tag="650" ind1=" " ind2=" ">
    <subfield code="2">BUEsh</subfield>
  </datafield>
  <datafield tag="651" ind1=" " ind2="7">
    <subfield code="a">Persian Gulf Region</subfield>
    <subfield code="x">Economic conditions</subfield>
    <subfield code="y">21st century.</subfield>
    <subfield code="2">BUEsh</subfield>
  </datafield>
  <datafield tag="651" ind1=" " ind2="7">
    <subfield code="a">Persian Gulf Region</subfield>
    <subfield code="x">Economic policy.</subfield>
    <subfield code="2">BUEsh</subfield>
  </datafield>
  <datafield tag="651" ind1=" " ind2="7">
    <subfield code="a">Persian Gulf Region</subfield>
    <subfield code="x">Foreign economic relations.</subfield>
    <subfield code="2">BUEsh</subfield>
  </datafield>
  <datafield tag="653" ind1=" " ind2=" ">
    <subfield code="b">BUSBOL</subfield>
    <subfield code="c">October2018</subfield>
  </datafield>
  <datafield tag="690" ind1="7" ind2=" ">
    <subfield code="a">Management and Business Studies</subfield>
    <subfield code="2">blcoll</subfield>
  </datafield>
  <datafield tag="700" ind1="1" ind2=" ">
    <subfield code="a">Kamrava, Mehran,</subfield>
    <subfield code="d">1964-</subfield>
    <subfield code="e">editor.</subfield>
    <subfield code="9">4826</subfield>
  </datafield>
  <datafield tag="942" ind1=" " ind2=" ">
    <subfield code="2">ddc</subfield>
  </datafield>
  <datafield tag="952" ind1=" " ind2=" ">
    <subfield code="0">0</subfield>
    <subfield code="1">0</subfield>
    <subfield code="2">ddc</subfield>
    <subfield code="4">0</subfield>
    <subfield code="7">0</subfield>
    <subfield code="8">MERIC</subfield>
    <subfield code="a">MAIN</subfield>
    <subfield code="b">MAIN</subfield>
    <subfield code="c">1ST</subfield>
    <subfield code="d">2018-10-10</subfield>
    <subfield code="e">Purchase</subfield>
    <subfield code="g">274.15</subfield>
    <subfield code="h">000292</subfield>
    <subfield code="l">0</subfield>
    <subfield code="o">330.9536 POL</subfield>
    <subfield code="p">000043231</subfield>
    <subfield code="r">2025-07-15 00:00:00</subfield>
    <subfield code="y">BB</subfield>
  </datafield>
</record>
